| 000 | 01088nam a2200241Ia 4500 | ||
|---|---|---|---|
| 999 |
_c40098 _d40098 |
||
| 001 | 6704 | ||
| 003 | GE_BSU | ||
| 005 | 20200213161623.0 | ||
| 008 | 181216s1999||||ge |||||||||||||| ||geo|| | ||
| 040 | _cGE_BSU | ||
| 041 | _ageo | ||
| 080 | _a821.353.1(072) გ-44 | ||
| 100 |
_aგვარამაძე, ნინო _97070 |
||
| 245 |
_aრაც მტრობას დაუნგრევია... : _bმეთოდ. სახელმძღვ. მშობლიური ლიტ. მასწ. (მე-7კლასი) / _cნინო გვარამაძე, ანა ხუციშვილი. |
||
| 264 |
_aთბილისი : _bწით.ჯვრის საერთ.კომ-ტი, _c1999. |
||
| 300 |
_a41 გვ. ; _c20 სმ. |
||
| 504 | _aბიბლიოგრ. გვ. 2 | ||
| 541 | _h2ლ. | ||
| 653 | _aრაც მტრობას დაუნგრევია | ||
| 653 | _aმეთოდური სახელმძღვანელო | ||
| 700 |
_aხუციშვილი, ანა _97071 |
||
| 942 |
_cBK _2udc |
||